| 000 | 01099nam a22002537a 4500 | ||
|---|---|---|---|
| 005 | 20170124103041.0 | ||
| 010 | _a114153 | ||
| 020 | _c3.50 | ||
| 035 | _a114153 | ||
| 037 | _bCen Lib/Ret | ||
| 040 |
_aDPL _bHN |
||
| 082 |
_aक _bउपेन्द्र |
||
| 100 |
_aउपेन्द्रनाथ अश्क _93849 |
||
| 245 |
_aकहानी-लेखिका और जेहलम के सात पुल / _cउपेन्द्रनाथ अश्क |
||
| 246 |
_aKahani lekhika or jehlam ke saat pul / _bby Upendranath Ashq |
||
| 260 |
_bनीलाभ प्रकाशन _aइलाहाबाद _c1957 |
||
| 270 |
_bइलाहाबाद _a5 खुसरो बाग रोड |
||
| 300 |
_a184पृ. _c16सेमी(सजिल्द ) |
||
| 650 |
_a हिंदी साहित्य _x _z _967136 |
||
| 650 |
_a हिंदी साहित्य _xकहानियां _967137 |
||
| 650 |
_aHindi literature _967138 |
||
| 650 |
_aHindi literature _xstories _967139 |
||
| 942 |
_2ddc _cHN _hक _mउपेन्द्र |
||
| 999 |
_c116556 _d116556 |
||